Ground lease funds take off (Record no. 83871)

MARC details
000 -LEADER
fixed length control field 00852cab a22001935a 4500
001 - CONTROL NUMBER
control field L155465
008 - FIXED-LENGTH DATA ELEMENTS--GENERAL INFORMATION
fixed length control field 120326e2012 xxk 000 0 eng d
035 ## - SYSTEM CONTROL NUMBER
System control number (Sirsi) u155465
041 0# - LANGUAGE CODE
Language code of text/sound track or separate title eng
110 2# - MAIN ENTRY--CORPORATE NAME
Corporate name or jurisdiction name as entry element EuroProperty
9 (RLIN) 1216
245 00 - TITLE STATEMENT
Title Ground lease funds take off
260 ## - PUBLICATION, DISTRIBUTION, ETC.
Date of publication, distribution, etc. 2012
490 #0 - SERIES STATEMENT
Series statement EuroProperty
Volume/sequential designation 19 March 2012, 10(1)
520 ## - SUMMARY, ETC.
Summary, etc. Pramerica Real Estate Investors has launched the first commercial ground lease fund which although UK focused is already attracting interest from European investors. The fund's scope could soon be expanded to include property outside the UK. Ground leases are seen as a bond substitute. Summarises the history of the ground lease concept in the UK and outlines its modern development potential.
590 ## - LOCAL NOTE (RLIN)
Local note KA
651 #4 - SUBJECT ADDED ENTRY--GEOGRAPHIC NAME
Geographic name United Kingdom
690 ## - LOCAL SUBJECT ADDED ENTRY--TOPICAL TERM (OCLC, RLIN)
Topical term or geographic name as entry element Commercial property
9 (RLIN) 6227
942 ## - ADDED ENTRY ELEMENTS (KOHA)
Suppress in OPAC 0
Holdings
Withdrawn status Lost status Source of classification or shelving scheme Damaged status Not for loan Home library Current library Shelving location Date acquired Total Checkouts Full call number Barcode Date last seen Price effective from Koha item type
    Dewey Decimal Classification     London London Journal article 25/03/2012   L155465 155465-1001 06/08/2019 06/08/2019 Journal